<?xml version="1.0" encoding="UTF-8"?>
<record
    xmlns:xsi="http://www.w3.org/2001/XMLSchema-instance"
    xsi:schemaLocation="http://www.loc.gov/MARC21/slim http://www.loc.gov/standards/marcxml/schema/MARC21slim.xsd"
    xmlns="http://www.loc.gov/MARC21/slim">

  <leader>00595nam a2200133Ia 4500</leader>
  <controlfield tag="008">171212s9999    xx            000 0 und d</controlfield>
  <datafield tag="100" ind1=" " ind2=" ">
    <subfield code="a">Armour, Jody David</subfield>
  </datafield>
  <datafield tag="245" ind1=" " ind2=" ">
    <subfield code="c">Armour, Jody David</subfield>
    <subfield code="a">Negrophobia and Reasonable Racism</subfield>
    <subfield code="b">The Hidden Costs of Being Black in America</subfield>
  </datafield>
  <datafield tag="260" ind1=" " ind2=" ">
    <subfield code="b">New York University Press</subfield>
    <subfield code="c">1997</subfield>
  </datafield>
  <datafield tag="440" ind1=" " ind2=" ">
    <subfield code="a">Critical America</subfield>
  </datafield>
  <datafield tag="650" ind1=" " ind2=" ">
    <subfield code="a">Discrimination in criminal justice administration -- United States; Afro-Americans -- Civil rights; Racism -- United States; United States -- Race relations</subfield>
  </datafield>
  <datafield tag="650" ind1=" " ind2=" ">
    <subfield code="a">Sociology</subfield>
  </datafield>
  <datafield tag="856" ind1=" " ind2=" ">
    <subfield code="u">http://www.jstor.org/stable/j.ctt9qfpg3</subfield>
  </datafield>
  <datafield tag="999" ind1=" " ind2=" ">
    <subfield code="c">351547</subfield>
    <subfield code="d">351547</subfield>
  </datafield>
  <datafield tag="952" ind1=" " ind2=" ">
    <subfield code="0">0</subfield>
    <subfield code="1">0</subfield>
    <subfield code="4">0</subfield>
    <subfield code="a">CL</subfield>
    <subfield code="b">CL</subfield>
    <subfield code="d">2017-12-12</subfield>
    <subfield code="l">0</subfield>
    <subfield code="o">HV 9950 .A75 1997</subfield>
    <subfield code="r">2017-12-12 00:00:00</subfield>
    <subfield code="w">2017-12-12</subfield>
    <subfield code="y">CBE</subfield>
  </datafield>
</record>
